| 000 | 01118cad a22002055a 4500 | ||
|---|---|---|---|
| 001 | L155320 | ||
| 008 | 120316s2012 xxk 000 0 eng d | ||
| 035 | _a(Sirsi) u155320 | ||
| 041 | 0 | _aeng | |
| 110 | 2 | _aDTZ | |
| 245 | 0 | 0 |
_aProperty times _bUK retail outlook Q4 2011 _h[electronic resource] |
| 260 |
_aLondon _bDTZ _c2012 |
||
| 490 | 0 | _aDTZ Property Times UK Retail Outlook | |
| 520 | _aThe UK has seen a significant deterioration in consumer and business confidence resulting from the intensifying Eurozone crisis with retailer performance undermined by continuing weak consumer expenditure. December 2011 sales showed a 4.1% lift, however declining 0.3% on a like for like basias. A number of failures among prominent retailers occurred with predictions of more to come. Covers the economic context, consumer spending trends, retail sales, retailers, and outlook. | ||
| 590 | _aNTK KA | ||
| 651 | 4 | _aUnited Kingdom | |
| 690 |
_aCommercial property _96227 |
||
| 856 | 4 | 0 |
_uhttps://www.dtz.com/Global/Research/Property+Times+UK+retailQ4+2011 _zView the report after free registration at www.dtz.com |
| 942 | _n0 | ||
| 999 |
_c83851 _d83851 |
||